Estatísticas para Mapa da África Ocidental

Clique aqui para jogar o quiz

Estatísticas Gerais

  • Esse quiz foi jogado 9 010 vezes
  • A pontuação média é 11 de 16

Respostas no mapa

Respostas codificadas por cores de uma escala verde-vermelha no mapa do quiz de acordo com a % correta abaixo.
 

Estatísticas das Respostas

Resposta% Correto
Nigéria
80%
Cabo Verde
79%
Mali
78%
Níger
77%
Mauritânia
75%
Senegal
70%
Burkina Faso
68%
Togo
68%
Costa do Marfim
67%
Gâmbia
63%
Gana
61%
Serra Leoa
60%
Libéria
58%
Guiné-Bissau
57%
Benim
55%
Guiné
55%

Distribuição das Pontuações

Percentil de Números Respondidos

Porcentagem de Pessoas com Cada Pontuação

Sua Pontuação Histórica

Você não jogou esse quiz